000 00559nam a22001937a 4500
005 20240111145316.0
010 _aENG-138863
020 _a9780230331860
_c195.00
035 _aEN-122395
037 _bDBAD/PUB
082 _a882.33
100 _aNAIKAR, BASAVARAJ
_960888
245 _aSHAKESPEARES LAST PLAYS/
260 _aNEW DELHI
_bMACMILLAN PUBLISHERS INDIA LTD.
_c2011
270 _a2/10 ANSARI ROAD DARYAGANJ
_bNEW DELHI
_e110002
300 _a260 p.
_c22cm(Hb)
500 _aIncludes index
942 _2ddc
_cEN
_h882033
_mNAI
999 _c200113
_d200113